[Event "Titled Tuesday intern op 23rd Apr Late"]
[Site "Chess.com INT"]
[Date "2024.04.23"]
[Round "2"]
[White "Yoo, Christopher Woojin"]
[Black "Wadsworth, Matthew J"]
[Result "1-0"]
[WhiteElo "2583"]
[BlackElo "2469"]
[PlyCount "81"]
[EventDate "2024.04.23"]
[EventType "swiss (blitz)"]
[EventRounds "11"]
[EventCountry "USA"]
[SourceTitle "CB18_2024"]
[SourceDate "2024.05.01"]
[SourceVersion "1"]
[SourceVersionDate "2024.05.01"]
[SourceQuality "2"]

1. Nf3 d5 2. g3 c6 3. Bg2 Bg4 4. h3 Bxf3 5. Bxf3 e6 6. d3 Nf6 7. Bg2 Be7 8. Nd2 0-0 9. e4 Nbd7 10. Qe2 a5 11. a4 dxe4 12. dxe4 Nc5 13. 0-0 Qb6 14. b3 Qa6 15. Qxa6 Nxa6 16. Bb2 Nb4 17. Rfc1 Bd8 18. Nc4 Bc7 19. e5 Nfd5 20. Be4 Rfd8 21. c3 Na6 22. Ba3 b5 23. Nd6 b4 24. cxb4 axb4 25. Bb2 Bxd6 26. exd6 Rxd6 27. Be5 Rdd8 28. Rxc6 Nc3 29. Rxc3 bxc3 30. Bxa8 Rxa8 31. Rc1 f6 32. Bxc3 Nc5 33. Rb1 Rb8 34. a5 Rb5 35. b4 Na6 36. Rd1 Kf8 37. Rd7 Nxb4 38. Bxb4+ Rxb4 39. a6 Ke8 40. Rxg7 Kd8 41. a7 1-0

[Event "Titled Tuesday intern op 16th Apr Late"]
[Site "Chess.com INT"]
[Date "2024.04.16"]
[Round "1"]
[White "Wadsworth, Matthew J"]
[Black "Papp, Bence"]
[Result "1-0"]
[WhiteElo "2469"]
[BlackElo "2278"]
[PlyCount "107"]
[EventDate "2024.04.16"]
[EventType "swiss (blitz)"]
[EventRounds "11"]
[EventCountry "USA"]
[SourceTitle "CB17_2024"]
[SourceDate "2024.04.24"]
[SourceVersion "1"]
[SourceVersionDate "2024.04.24"]
[SourceQuality "1"]

1. Nf3 Nf6 2. e3 d5 3. c4 e6 4. Nc3 Be7 5. b3 c5 6. cxd5 Nxd5 7. Bb2 0-0 8. Nxd5 Qxd5 9. h4 Nc6 10. Qb1 Rd8 11. Bc4 Qd6 12. Qc2 Nb4 13. Qe4 Nd3+ 14. Bxd3 Qxd3 15. Qxd3 Rxd3 16. Ke2 Rd5 17. Rhd1 b6 18. d3 f6 19. a3 Ba6 20. Ne1 Rad8 21. b4 e5 22. e4 R5d7 23. Bc3 c4 24. Rd2 cxd3+ 25. Ke3 g6 26. Rad1 Bf8 27. g3 Bh6+ 28. f4 g5 29. hxg5 fxg5 30. Bxe5 gxf4+ 31. gxf4 Re8 32. Nxd3 Bxd3 33. Rxd3 Rxd3+ 34. Kxd3 Rd8+ 35. Ke2 Rxd1 36. Kxd1 Kf7 37. Ke2 Bf8 38. Kf3 a5 39. bxa5 bxa5 40. a4 Bb4 41. Bc7 Ke6 42. f5+ Kf6 43. Kg4 Bc3 44. Bf4 Kf7 45. e5 Ke7 46. e6 Bf6 47. Bc7 Bc3 48. Kf4 Bd2+ 49. Ke4 h5 50. Be5 h4 51. Kd5 h3 52. f6+ Ke8 53. f7+ Kf8 54. Bd6+ 1-0

[Event "Peterborough 4NCL Spring"]
[Site "Peterborough"]
[Date "2024.03.25"]
[Round "5"]
[White "Agdelen, Huseyin Can"]
[Black "Wadsworth, Matthew J"]
[Result "1/2-1/2"]
[WhiteElo "2408"]
[BlackElo "2450"]
[PlyCount "80"]
[EventDate "2024.03.23"]
[EventType "tourn"]
[EventRounds "9"]
[EventCountry "ENG"]
[EventCategory "8"]
[SourceTitle "CB13_2024"]
[SourceDate "2024.03.27"]
[SourceVersion "1"]
[SourceVersionDate "2024.03.27"]
[SourceQuality "1"]

1. e4 c6 2. d4 d5 3. e5 Bf5 4. Nc3 e6 5. g4 Bg6 6. Nge2 c5 7. h4 h5 8. Nf4 Bh7 9. Nxh5 cxd4 10. Qxd4 Nc6 11. Qa4 a6 12. Be3 Qa5 13. Qxa5 Nxa5 14. 0-0-0 Rc8 15. f4 Ne7 16. Bd3 Nc4 17. Bf2 b5 18. Ne2 Nc6 19. Kb1 Nb4 20. Bxh7 Rxh7 21. Nd4 Be7 22. a3 Nc6 23. Nf3 f6 24. exf6 gxf6 25. Ng3 Bd6 26. Rhe1 Bxf4 27. Rxe6+ Kf7 28. Ree1 N6e5 29. Nxe5+ fxe5 30. Rxd5 Ke6 31. Rd4 Nd2+ 32. Ka2 Nf3 33. Rxf4 Nxe1 34. Rf5 Rxh4 35. Bxe1 Rxg4 36. Rh5 Rxc2 37. Rh6+ Kd7 38. Rh7+ Ke6 39. Rh6+ Kd7 40. Rh7+ Ke6 1/2-1/2

[Event "Peterborough 4NCL Spring"]
[Site "Peterborough"]
[Date "2024.03.24"]
[Round "2"]
[White "Wadsworth, Matthew J"]
[Black "Teclaf, Pawel"]
[Result "1/2-1/2"]
[WhiteElo "2450"]
[BlackElo "2556"]
[PlyCount "45"]
[EventDate "2024.03.23"]
[EventType "tourn"]
[EventRounds "9"]
[EventCountry "ENG"]
[EventCategory "8"]
[SourceTitle "CB13_2024"]
[SourceDate "2024.03.27"]
[SourceVersion "1"]
[SourceVersionDate "2024.03.27"]
[SourceQuality "1"]

1. d4 Nf6 2. c4 e6 3. Nf3 b6 4. g3 Bb4+ 5. Bd2 Be7 6. Bg2 c6 7. 0-0 d5 8. Bc3 Nbd7 9. Nbd2 Ba6 10. b3 0-0 11. Re1 c5 12. cxd5 Nxd5 13. Bb2 Rc8 14. Rc1 b5 15. dxc5 Nxc5 16. a3 b4 17. axb4 Nxb4 18. Bd4 Bb5 19. Rc3 Nd5 20. Rc2 Nb4 21. Rc3 Nd5 22. Rc2 Nb4 23. Rc3 1/2-1/2

[Event "Reykjavik op"]
[Site "Reykjavik"]
[Date "2024.03.16"]
[Round "3"]
[White "Thorhallsson, Throstur"]
[Black "Wadsworth, Matthew J"]
[Result "1/2-1/2"]
[WhiteElo "2388"]
[BlackElo "2450"]
[PlyCount "55"]
[EventDate "2024.03.15"]
[EventType "swiss"]
[EventRounds "9"]
[EventCountry "ISL"]
[SourceTitle "CB13_2024"]
[SourceDate "2024.03.27"]
[SourceVersion "1"]
[SourceVersionDate "2024.03.27"]
[SourceQuality "1"]

1. e4 e6 2. d4 d5 3. Nc3 Nf6 4. Bg5 dxe4 5. Nxe4 Be7 6. Bxf6 gxf6 7. Nf3 f5 8. Nc3 a6 9. g3 b5 10. Bg2 Bb7 11. 0-0 0-0 12. Qe2 c5 13. dxc5 b4 14. Nd1 Bxc5 15. Ne3 Nc6 16. Rad1 Qe7 17. Nc4 Rad8 18. b3 Bd4 19. Nxd4 Nxd4 20. Qe3 Bxg2 21. Kxg2 Nxc2 22. Qb6 Rd5 23. Qxa6 Rfd8 24. Rxd5 exd5 25. Ne3 Qe4+ 26. Kh3 Nxe3 27. fxe3 Qe6 28. Qxe6 1/2-1/2

[Event "Cambridge op 2nd"]
[Site "Cambridge"]
[Date "2024.02.23"]
[Round "8"]
[White "Sonis, Francesco"]
[Black "Wadsworth, Matthew J"]
[Result "1/2-1/2"]
[WhiteElo "2570"]
[BlackElo "2444"]
[PlyCount "77"]
[EventDate "2024.02.19"]
[EventType "swiss"]
[EventRounds "9"]
[EventCountry "ENG"]
[SourceTitle "CB09_2024"]
[SourceDate "2024.02.28"]
[SourceVersion "1"]
[SourceVersionDate "2024.02.28"]
[SourceQuality "1"]

1. d4 d5 2. c4 c6 3. Nf3 Nf6 4. e3 Bf5 5. Nc3 e6 6. Nh4 Be4 7. f3 Bg6 8. Qb3 Qb6 9. Nxg6 hxg6 10. Bd2 Nbd7 11. 0-0-0 Qxb3 12. axb3 0-0-0 13. Kc2 a6 14. Bd3 Bd6 15. h3 Kb8 16. Be1 Bc7 17. Bf2 c5 18. dxc5 Nxc5 19. Be2 dxc4 20. bxc4 e5 21. h4 Ne6 22. g4 Rxd1 23. Rxd1 g5 24. h5 g6 25. hxg6 fxg6 26. Bd3 Rh3 27. Kd2 Ba5 28. Bxg6 e4 29. Bxe4 Nxe4+ 30. fxe4 Nc5 31. Ke2 Bxc3 32. bxc3 Nxe4 33. Be1 Nf6 34. Rd4 a5 35. c5 Kc8 36. Ra4 Kd7 37. Rd4+ Kc8 38. Ra4 Kd7 39. Rd4+ 1/2-1/2

[Event "Titled Tuesday intern op 13th Feb Early"]
[Site "Chess.com INT"]
[Date "2024.02.13"]
[Round "2"]
[White "Wadsworth, Matthew J"]
[Black "Ivanchuk, Vassily"]
[Result "0-1"]
[WhiteElo "2444"]
[BlackElo "2623"]
[PlyCount "68"]
[EventDate "2024.02.13"]
[EventType "swiss (blitz)"]
[EventRounds "11"]
[EventCountry "USA"]
[SourceTitle "CB08_2024"]
[SourceDate "2024.02.21"]
[SourceVersion "1"]
[SourceVersionDate "2024.02.21"]
[SourceQuality "1"]

1. c4 e6 2. g3 d5 3. Bg2 dxc4 4. Qa4+ Nd7 5. Qxc4 a6 6. Qc2 c5 7. Nc3 Ngf6 8. Nf3 Bd6 9. 0-0 0-0 10. Rd1 Qe7 11. d4 h6 12. d5 Nxd5 13. Nxd5 exd5 14. Rxd5 Nf6 15. Rd1 Re8 16. b3 Bg4 17. Bb2 Rad8 18. e3 b5 19. Rac1 Qe6 20. Qb1 Ne4 21. Qa1 Qf5 22. Bxg7 Bxf3 23. Bxf3 Qxf3 24. Bxh6 Qxf2+ 25. Kh1 Nxg3+ 26. hxg3 Qf3+ 27. Kg1 Qxg3+ 28. Kf1 Qh3+ 29. Ke2 Qxh6 30. Rg1+ Kf8 31. Qc3 Qh5+ 32. Kf2 Qe5 33. Qd3 Bb8 34. Qe2 Rd6 0-1

[Event "Titled Tuesday intern op 16th Jan Early"]
[Site "Chess.com INT"]
[Date "2024.01.16"]
[Round "3"]
[White "Belyakov, Bogdan"]
[Black "Wadsworth, Matthew J"]
[Result "1-0"]
[WhiteElo "2416"]
[BlackElo "2450"]
[PlyCount "85"]
[EventDate "2024.01.16"]
[EventType "swiss (blitz)"]
[EventRounds "11"]
[EventCountry "USA"]
[SourceTitle "CB04_2024"]
[SourceDate "2023.10.16"]
[SourceVersion "1"]
[SourceVersionDate "2023.10.16"]
[SourceQuality "1"]

1. e4 e6 2. d4 d5 3. Nc3 Bb4 4. e5 c5 5. Bd2 Ne7 6. a3 Bxc3 7. Bxc3 cxd4 8. Qxd4 Nbc6 9. Qg4 Ng6 10. f4 h5 11. Qg3 Qh4 12. Nf3 Qxf4 13. Bd3 Qxg3+ 14. hxg3 Nge7 15. g4 g6 16. gxh5 Rxh5 17. Rxh5 gxh5 18. Kf2 Bd7 19. Rh1 d4 20. Bxd4 Nxd4 21. Nxd4 0-0-0 22. Rxh5 Bc6 23. c3 Rg8 24. g3 Kd7 25. c4 Rg4 26. Rh4 Rg5 27. Rh7 Ke8 28. Rh8+ Kd7 29. Rh7 Ke8 30. b4 Rxe5 31. b5 Be4 32. Rh8+ Kd7 33. Be2 Nf5 34. Nxf5 Rxf5+ 35. Ke3 Bg2 36. Ra8 a6 37. bxa6 bxa6 38. Rxa6 Re5+ 39. Kf2 f5 40. Bh5 Bc6 41. Bf7 Kc7 42. Ra7+ Kb6 43. Re7 1-0

[Event "Titled Tuesday intern op 16th Jan Late"]
[Site "Chess.com INT"]
[Date "2024.01.16"]
[Round "1"]
[White "Wadsworth, Matthew J"]
[Black "Ruiz Aguilar, Pablo Alexander"]
[Result "0-1"]
[WhiteElo "2450"]
[BlackElo "2162"]
[PlyCount "64"]
[EventDate "2024.01.16"]
[EventType "swiss (blitz)"]
[EventRounds "11"]
[EventCountry "USA"]
[SourceTitle "CB04_2024"]
[SourceDate "2023.10.16"]
[SourceVersion "1"]
[SourceVersionDate "2023.10.16"]
[SourceQuality "1"]

1. e4 c5 2. Nf3 e6 3. c3 d5 4. exd5 Qxd5 5. d4 Nc6 6. Be2 Nf6 7. 0-0 cxd4 8. cxd4 Be7 9. Nc3 Qd6 10. Nb5 Qb8 11. g3 Nd5 12. Bg5 a6 13. Nc3 Bxg5 14. Nxg5 Nce7 15. Rc1 Bd7 16. Bd3 h6 17. Qh5 0-0 18. Bh7+ Kh8 19. Nxd5 Nxd5 20. Nxf7+ Kxh7 21. Ne5 Be8 22. Qg4 Rf5 23. Qe4 Nf6 24. Qd3 Bb5 25. Qc2 Bxf1 26. g4 Bh3 27. gxf5 Bxf5 28. Qc4 Qd6 29. Rc3 Rf8 30. Qb3 b5 31. Rc6 Qxd4 32. Qg3 Qd1+ 0-1

[Event "Titled Tuesday intern op 09th Jan Early"]
[Site "Chess.com INT"]
[Date "2024.01.09"]
[Round "3"]
[White "Kostiukov, Alexandr"]
[Black "Wadsworth, Matthew J"]
[Result "0-1"]
[WhiteElo "2271"]
[BlackElo "2450"]
[PlyCount "84"]
[EventDate "2024.01.09"]
[EventType "swiss (blitz)"]
[EventRounds "11"]
[EventCountry "USA"]
[SourceTitle "CB03_2024"]
[SourceDate "2024.01.17"]
[SourceVersion "1"]
[SourceVersionDate "2024.01.17"]
[SourceQuality "1"]

1. g3 h5 2. h4 d5 3. Bg2 c6 4. d3 Nf6 5. e4 dxe4 6. dxe4 Qxd1+ 7. Kxd1 Nbd7 8. f3 Nc5 9. Be3 e5 10. Nd2 Be6 11. Bh3 0-0-0 12. Ke2 Be7 13. Bxc5 Bxc5 14. Bxe6+ fxe6 15. Nc4 Nd7 16. Nh3 b5 17. Na5 Kc7 18. Ng5 Rhe8 19. Nb3 Bb6 20. a4 a6 21. axb5 axb5 22. Rhd1 c5 23. c4 bxc4 24. Nd2 Nb8 25. Nxc4 Rxd1 26. Kxd1 Nc6 27. Ra6 Ba7 28. Na5 Nxa5 29. Rxa7+ Nb7 30. Ra6 Nd6 31. Ra7+ Kc6 32. Rxg7 Nc4 33. Kc1 Rb8 34. Nxe6 Rxb2 35. f4 exf4 36. gxf4 Re2 37. e5 Kd5 38. Ng5 Kd4 39. Rd7+ Kc3 40. Kd1 Re3 41. Rd8 Nb2+ 42. Kc1 Re1+ 0-1

[Event "Titled Tuesday intern op 09th Jan Early"]
[Site "Chess.com INT"]
[Date "2024.01.09"]
[Round "8"]
[White "Wadsworth, Matthew J"]
[Black "Beerdsen, Thomas"]
[Result "0-1"]
[WhiteElo "2450"]
[BlackElo "2502"]
[PlyCount "124"]
[EventDate "2024.01.09"]
[EventType "swiss (blitz)"]
[EventRounds "11"]
[EventCountry "USA"]
[SourceTitle "CB03_2024"]
[SourceDate "2024.01.17"]
[SourceVersion "1"]
[SourceVersionDate "2024.01.17"]
[SourceQuality "1"]

1. e4 e5 2. Nf3 Nc6 3. Nc3 Nf6 4. d4 exd4 5. Nxd4 Nxe4 6. Nxe4 Qe7 7. Nxc6 Qxe4+ 8. Be2 dxc6 9. 0-0 Bd6 10. Bf3 Qh4 11. Re1+ Be6 12. g3 Qf6 13. Bg4 0-0-0 14. Bxe6+ fxe6 15. Qg4 Bc5 16. Bf4 Kb8 17. c3 Rhe8 18. Re2 e5 19. Bg5 Qg6 20. Qh4 Rd7 21. Rae1 Rf7 22. Be3 Bxe3 23. Rxe3 Ref8 24. Rxe5 Rxf2 25. Qxh7 Qf7 26. Re8+ Rxe8 27. Rxe8+ Qxe8 28. Kxf2 Qf7+ 29. Ke3 a5 30. h4 Qxa2 31. Qxg7 Qxb2 32. h5 Qc1+ 33. Ke4 Qe1+ 34. Kf4 Qf2+ 35. Kg4 Qe2+ 36. Kg5 Qe3+ 37. Kh4 Qe4+ 38. g4 Qh1+ 39. Kg5 Qc1+ 40. Kg6 Qc2+ 41. Kh6 a4 42. g5 Qc1 43. Qh8+ Ka7 44. Qd4+ Kb8 45. Qxa4 Qxc3 46. Qe4 Qh8+ 47. Qh7 Qd4 48. Qg8+ Ka7 49. Qg7 Qf4 50. Kh7 c5 51. g6 c4 52. h6 Qe3 53. Qd7 c3 54. g7 Qe4+ 55. Kh8 c2 56. g8Q c1Q 57. Qdg7 c5 58. h7 Qcb1 59. Q8f7 c4 60. Kg8 c3 61. Qxb7+ Qexb7 62. Qxb7+ Qxb7 0-1

[Event "Hastings Masters op"]
[Site "Hastings"]
[Date "2024.01.02"]
[Round "6"]
[White "Gimenez Menchon, Cesar"]
[Black "Wadsworth, Matthew J"]
[Result "0-1"]
[WhiteElo "2088"]
[BlackElo "2448"]
[PlyCount "90"]
[EventDate "2023.12.28"]
[EventType "swiss"]
[EventRounds "9"]
[EventCountry "ENG"]
[SourceTitle "CB02_2024"]
[SourceDate "2024.01.10"]
[SourceVersion "1"]
[SourceVersionDate "2024.01.10"]
[SourceQuality "1"]

1. e4 e6 2. d4 d5 3. exd5 exd5 4. Nf3 Nc6 5. Nc3 Bb4 6. Bd3 Nge7 7. a3 Bxc3+ 8. bxc3 Bf5 9. 0-0 0-0 10. Rb1 b6 11. Re1 Re8 12. Bf4 Qd7 13. Qd2 f6 14. h3 Na5 15. Nh4 Bxd3 16. cxd3 Ng6 17. Nxg6 hxg6 18. Bg3 Rxe1+ 19. Rxe1 Re8 20. Rxe8+ Qxe8 21. Bxc7 Qe7 22. Bg3 Qxa3 23. Kh2 Qa1 24. h4 Qa4 25. Qe2 Qd7 26. Qa2 Nc6 27. Qa4 Ne5 28. Qa2 Ng4+ 29. Kh1 Kh7 30. c4 dxc4 31. Qxc4 Qe8 32. f3 Ne3 33. Qc7 Qa4 34. Bf2 Qd1+ 35. Kh2 Nf1+ 36. Kg1 Nd2+ 37. Kh2 Qe2 38. Bg1 Nxf3+ 39. Kh1 Nxg1 40. d5 Qe1 41. Kh2 Ne2 42. g3 Qg1+ 43. Kh3 Qh1+ 44. Kg4 f5+ 45. Kg5 Qf3 0-1